Statistics for The 1975 - She Way Out Lyrics

Click here to take the quiz!

General Stats

  • This quiz has been taken 14 times
  • The average score is 302 of 362

Answer Stats

Answer% Correct
a
100%
can't
100%
got
100%
her
100%
I
100%
in
100%
just
100%
like
100%
move
100%
Never
100%
never
100%
out
100%
seen
100%
she
100%
She
100%
She's
100%
she's
100%
tellin'
100%
to
100%
way
100%
you)
100%
you
100%
you"
100%
and
83%
And
83%
But
83%
but
83%
dance
83%
Dancing
83%
every
83%
everything
83%
"I'd
83%
I'd
83%
I'll
83%
I'm
83%
not
83%
phones
83%
The
83%
the
83%
too
83%
two
83%
your
83%
you're
83%
boyfriend
67%
brain"
67%
brain
67%
Cause
67%
cause
67%
feelin'
67%
find
67%
"Find
67%
(find
67%
friends
67%
from
67%
him
67%
intelligent
67%
it's
67%
"It's
67%
It's
67%
kick
67%
me
67%
moves
67%
Moving
67%
Oh
67%
On
67%
on
67%
same
67%
say
67%
stay
67%
that
67%
tone
67%
about
50%
always
50%
are
50%
because"
50%
because
50%
Because
50%
body
50%
changed
50%
face
50%
feeling
50%
gonna
50%
implications
50%
insane
50%
love
50%
magazine
50%
marijuana's
50%
mean?
50%
movie
50%
my
50%
party
50%
rottin'
50%
said
50%
scene
50%
simply
50%
sittin'
50%
social
50%
talk
50%
this
50%
we're
50%
what
50%
you've
50%
brought
33%
by
33%
floor
33%
know
33%
mouth
33%
Or
33%
style
33%
upon
33%
With
33%
with
33%
Benson
17%
definitely
17%
(hey)
17%
overflowing
17%
tension's
17%
throwing
17%

Score Distribution

Percentile by Number Answered

Percent of People with Each Score

Your Score History

You have not taken this quiz